How do dinosaurs say goodnight? / (Record no. 1605)

MARC details
000 -LEADER
fixed length control field 00964nam a22002897a 4500
005 - DATE AND TIME OF LATEST TRANSACTION
control field 20250815124818.0
020 ## - INTERNATIONAL STANDARD BOOK NUMBER
International Standard Book Number 9780590316828
040 ## - CATALOGING SOURCE
Original cataloging agency FISKH
Transcribing agency FISKH
Modifying agency FISKH
Language of cataloging eng
050 00 - LIBRARY OF CONGRESS CALL NUMBER
Classification number PZ8.3.Y76
Item number Ho 2000
082 00 - DEWEY DECIMAL CLASSIFICATION NUMBER
Classification number [E]
Edition number 21
100 1# - MAIN ENTRY--PERSONAL NAME
Personal name Yolen, Jane.
245 10 - TITLE STATEMENT
Title How do dinosaurs say goodnight? /
Statement of responsibility, etc. Jane Yolen ; illustrated by Mark Teague.
260 ## - PUBLICATION, DISTRIBUTION, ETC.
Place of publication, distribution, etc. New York :
Name of publisher, distributor, etc. Scholastic,
Date of publication, distribution, etc. 2001
300 ## - PHYSICAL DESCRIPTION
Extent 30 unnumbered pages :
Other physical details color illustrations ;
Dimensions 30 cm.
505 ## - FORMATTED CONTENTS NOTE
Formatted contents note F
520 ## - SUMMARY, ETC.
Summary, etc. Mother and child ponder the different ways a dinosaur can say goodnight, from slamming his tail and pouting to giving a big hug and kiss.
521 ## - TARGET AUDIENCE NOTE
Target audience note 350 <br/>
Source Lexile
521 ## - TARGET AUDIENCE NOTE
Target audience note F <br/>
Source Raz-Plus
650 #1 - SUBJECT ADDED ENTRY--TOPICAL TERM
Topical term or geographic name entry element Bedtime
Form subdivision Fiction.
650 #1 - SUBJECT ADDED ENTRY--TOPICAL TERM
Topical term or geographic name entry element Dinosaurs
Form subdivision Fiction.
650 #1 - SUBJECT ADDED ENTRY--TOPICAL TERM
Topical term or geographic name entry element Behavior
Form subdivision Fiction.
650 #1 - SUBJECT ADDED ENTRY--TOPICAL TERM
Topical term or geographic name entry element Stories in rhyme.
700 1# - ADDED ENTRY--PERSONAL NAME
Personal name Teague, Mark
Relator term illustrator
906 ## - LOCAL DATA ELEMENT F, LDF (RLIN)
a 7
b cbc
c orignew
d 1
e ocip
f 19
g y-gencatlg
942 ## - ADDED ENTRY ELEMENTS (KOHA)
Source of classification or shelving scheme Dewey Decimal Classification
Koha item type Books
Suppress in OPAC No
999 ## -
-- 1605
-- 1605
Holdings
Withdrawn status Lost status Source of classification or shelving scheme Damaged status Not for loan Collection Home library Current library Shelving location Date acquired Total Checkouts Full call number Barcode Date last seen Price effective from Koha item type Copy number Date last checked out Date due
    Dewey Decimal Classification     Juvenile Fiction Footprints International School Library Network Toul Kork Campus Footprints International School Library Network Toul Kork Campus TK Primary Library Room(4th Floor), Bookcase 7, Shelves 57-60, Dark Green Books 09/11/2023   YOL Fic PZ8.Y76 2023-0554 09/11/2023 09/11/2023 Books      
    Dewey Decimal Classification     Juvenile Fiction Footprints International School Library Network Toul Kork Campus Footprints International School Library Network Toul Kork Campus TK Primary Library Room(4th Floor), Bookcase 7, Shelves 57-60, Dark Green Books 01/30/2025   YOL Fic PZ8.Y76 2025-0115 01/30/2025 01/30/2025 Books 2    
    Dewey Decimal Classification     Juvenile Fiction Footprints International School Library Network Toul Kork Campus Footprints International School Library Network Toul Tom Poung Campus TTP Primary Green Bookshelves 02/19/2025 5 YOL Fic PZ8.Y76 2025-0628 04/07/2026 02/19/2025 Books 3 04/03/2026  
    Dewey Decimal Classification     Juvenile Fiction Footprints International School Library Network Toul Tom Poung Campus Footprints International School Library Network Toul Tom Poung Campus TTP Primary Green Bookshelves 08/01/2025 1 YOL Fic PZ8.Y76 FISTK04201 04/23/2026 08/01/2025 Books 4 04/23/2026 05/07/2026
    Dewey Decimal Classification     Juvenile Fiction Footprints International School Library Network Toul Tom Poung Campus Footprints International School Library Network Toul Tom Poung Campus TTP Primary Green Bookshelves 08/15/2025 1 YOL Fic PZ8.Y76 FISTK04202 04/29/2026 08/15/2025 Books 5 03/26/2026